Alternative land use (Record no. 63573)
[ view plain ]
| 000 -LEADER | |
|---|---|
| fixed length control field | 00867cam a2200217 4500 |
| 001 - CONTROL NUMBER | |
| control field | ABS62387 |
| 008 - FIXED-LENGTH DATA ELEMENTS--GENERAL INFORMATION | |
| fixed length control field | 000000n2000 000 0 eng u |
| 035 ## - SYSTEM CONTROL NUMBER | |
| System control number | (Sirsi) u106115 |
| 245 ## - TITLE STATEMENT | |
| Title | Alternative land use |
| 260 ## - PUBLICATION, DISTRIBUTION, ETC. | |
| Date of publication, distribution, etc. | 2000 |
| 490 ## - SERIES STATEMENT | |
| Series statement | Farm Development Review |
| Volume/sequential designation | 14(3) January 2000 (LOAN) |
| 520 ## - SUMMARY, ETC. | |
| Summary, etc. | Discusses the key points of the Tourism Council/Countryside Agency "Rural tourism: working for the countryside" paper, notes the rise in goat fibre prices, looks at the British Free Range Egg Marketing Company's campaign, advises tenant farmers of diversification concluding with the Agriculture Development Scheme grants. |
| 590 ## - LOCAL NOTE (RLIN) | |
| Local note | ABS |
| 650 ## - SUBJECT ADDED ENTRY--TOPICAL TERM | |
| Topical term or geographic name entry element | DIVERSIFICATION |
| 650 ## - SUBJECT ADDED ENTRY--TOPICAL TERM | |
| Topical term or geographic name entry element | MOHAIR |
| 650 ## - SUBJECT ADDED ENTRY--TOPICAL TERM | |
| Topical term or geographic name entry element | AGRICULTURE DEVELOPMENT SCHEME |
| 650 ## - SUBJECT ADDED ENTRY--TOPICAL TERM | |
| Topical term or geographic name entry element | TENANT FARMERS |
| 650 ## - SUBJECT ADDED ENTRY--TOPICAL TERM | |
| Topical term or geographic name entry element | TOURISM |
| 690 ## - LOCAL SUBJECT ADDED ENTRY--TOPICAL TERM (OCLC, RLIN) | |
| Topical term or geographic name as entry element | RURAL-FARM BUSINESS MANAGEMENT |
| 942 ## - ADDED ENTRY ELEMENTS (KOHA) | |
| Suppress in OPAC | 0 |
| Withdrawn status | Lost status | Source of classification or shelving scheme | Damaged status | Not for loan | Home library | Current library | Shelving location | Date acquired | Total Checkouts | Full call number | Barcode | Date last seen | Date last checked out | Copy number | Price effective from | Koha item type |
|---|---|---|---|---|---|---|---|---|---|---|---|---|---|---|---|---|
| Dewey Decimal Classification | London | London | Journal article | 26/05/2000 | 2 | ABS62387 | 30061068 | 06/08/2019 | 19/01/2001 | 1 | 06/08/2019 | Journal article |